Detalles MARC
| 000 -CABECERA |
| campo de control de longitud fija |
01144nam a2200277 i 4500 |
| 001 - NÚMERO DE CONTROL |
| campo de control |
000032181 |
| 003 - IDENTIFICADOR DEL NÚMERO DE CONTROL |
| campo de control |
DO-SdBNP |
| 005 - FECHA Y HORA DE LA ÚLTIMA TRANSACCIÓN |
| campo de control |
20240903105450.0 |
| 007 - CAMPO FIJO DE DESCRIPCIÓN FÍSICA--INFORMACIÓN GENERAL |
| campo de control de longitud fija |
ta |
| 008 - DATOS DE LONGITUD FIJA--INFORMACIÓN GENERAL |
| campo de control de longitud fija |
110713s2009 ck ao r 000 0 spa d |
| 020 ## - NÚMERO INTERNACIONAL ESTÁNDAR DEL LIBRO |
| Número Internacional Estándar del Libro |
9789587032147 |
| 040 ## - FUENTE DE LA CATALOGACIÓN |
| Centro catalogador/agencia de origen |
DO-SdBNP |
| Lengua de catalogación |
spa |
| Centro/agencia transcriptor |
BNPHU |
| Normas de descripción |
rda |
| 041 ## - CÓDIGO DE LENGUA |
| Código de lengua del texto/banda sonora o título independiente |
spa |
| -- |
eng |
| 082 #4 - NÚMERO DE LA CLASIFICACIÓN DECIMAL DEWEY |
| Número de clasificación |
423.61 |
| Número de documento/Ítem |
D545 |
| Número de edición |
22 |
| 245 00 - MENCIÓN DE TÍTULO |
| Título |
Diccionario multiconsulta = Multireference dictionary : |
| Resto del título |
Español - Inglés, Inglés - Español / |
| Mención de responsabilidad, etc. |
Editor Gustavo de Elorza Ajamil ; dirección Martha Ordóñez Q., Volney Tovar Q. |
| 264 #1 - PRODUCCIÓN, PUBLICACIÓN, DISTRIBUCIÓN, FABRICACIÓN Y COPYRIGHT |
| Producción, publicación, distribución, fabricación y copyright |
Colombia : |
| Nombre del de productor, editor, distribuidor, fabricante |
Cultural Internacional, |
| Fecha de producción, publicación, distribución, fabricación o copyright |
2009. |
| 300 ## - DESCRIPCIÓN FÍSICA |
| Extensión |
462, 65, 436 páginas con numeración variada : |
| Otras características físicas |
ilustraciones, fotografías ; |
| Dimensiones |
27 cm. |
| Material acompañante/anejo |
cd rom |
| 336 ## - TIPO DE CONTENIDO |
| Fuente |
rdacontent |
| Término de tipo de contenido |
texto |
| Código de tipo de contenido |
txt |
| 337 ## - TIPO DE MEDIO |
| Fuente |
rdamedia |
| Nombre/término del tipo de medio |
sin mediación |
| Código del tipo de medio |
n |
| 338 ## - TIPO DE SOPORTE |
| Fuente |
rdacarrier |
| Nombre/término del tipo de soporte |
volumen |
| Código del tipo de soporte |
nc |
| 500 ## - NOTA GENERAL |
| Nota general |
Términos de electrónica, informática, ciencia, mecánica = Terms of electronics, informatics, scientific, mechanics. |
| 590 ## - NOTA LOCAL (RLIN) |
| Nota local |
Inventariado, 2024/ YL |
| 700 1# - PUNTO DE ACCESO ADICIONAL--NOMBRE DE PERSONA |
| Nombre de persona |
Elorza Ajamil, Gustavo de |
| Término indicativo de función/relación |
editor |
| 9 (RLIN) |
58265 |
| Código de función/relación |
edt. |
| 910 ## - DATOS DE OPCIÓN DEL USUARIO (OCLC) |
| Datos de opción del usuario |
YLockward. Validado, control de calidad/MAA |
| 942 ## - ELEMENTOS DE PUNTO DE ACCESO ADICIONAL (KOHA) |
| Fuente del sistema de clasificación o colocación |
Dewey Decimal Classification |
| Tipo de ítem Koha |
Libro |